[Event "5. Bayer Open"]
[Site "Leverkusen"]
[Date "2008.02.25"]
[Round "4"]
[White "Hoeper, Heinz-Joachim"]
[Black "von Oppenkowski, Roman"]
[Result "0-1"]
[WhiteElo "1496"]
[BlackElo "1325"]
[PlyCount "106"]
[EventDate "2008.01.14"]
[EventType "swiss"]
[EventRounds "7"]
[EventCountry "GER"]
[Source "Birnkott,Manfre"]
[SourceDate "2008.04.23"]

1. d4 Nf6 2. Nf3 d5 3. Bg5 Nbd7 4. e3 h6 5. Bh4 e6 6. Nbd2 Be7 7. Bd3 b6 8. Bb5
a6 9. Ne5 O-O 10. Bc6 Ra7 11. Bxd5 Nxe5 12. Bxe6 Bxe6 13. dxe5 Ng4 14. Bg3 f6
15. Nf3 fxe5 16. h3 Nf6 17. Nxe5 Qd5 18. Qxd5 Bxd5 19. O-O Kh7 20. c4 Ba8 21.
h4 c5 22. f3 Nd7 23. Nd3 Bf6 24. Rf2 Re8 25. Re2 Ne5 26. Nxe5 Bxe5 27. Bxe5
Rxe5 28. Rd1 Rh5 29. Rd6 b5 30. Rc2 b4 31. Rcd2 Rxh4 32. b3 Rh5 33. Rd7 Rxd7
34. Rxd7 Re5 35. Kf2 Bc6 36. Ra7 Kg6 37. Rxa6 Re6 38. a3 Bd7 39. Rxe6+ Bxe6 40.
axb4 cxb4 41. e4 Kf6 42. Ke3 g5 43. Kd4 h5 44. Kc5 Ke5 45. Kxb4 g4 46. fxg4
hxg4 47. Kc5 Kxe4 48. b4 Kd3 49. b5 Bxc4 50. b6 Ba6 51. Kd6 g3 52. Ke5 Ke3 53.
Kf5 Kf2 0-1

[Event "5. Bayer Open"]
[Site "Leverkusen"]
[Date "2008.02.25"]
[Round "4"]
[White "Buchfelder, Gerhard"]
[Black "Azimi, Reza"]
[Result "1-0"]
[WhiteElo "1442"]
[BlackElo "1321"]
[PlyCount "111"]
[EventDate "2008.01.14"]
[EventType "swiss"]
[EventRounds "7"]
[EventCountry "GER"]
[Source "Birnkott,Manfre"]
[SourceDate "2008.04.23"]

1. e4 c5 2. Nc3 a6 3. f4 e5 4. fxe5 d6 5. Nf3 Bg4 6. exd6 Bxd6 7. Bc4 Nc6 8.
O-O Ne5 9. Be2 Bxf3 10. Bxf3 Nf6 11. d3 Bc7 12. Bf4 Qd6 13. Kh1 O-O 14. Qe2 Qe6
15. Rad1 Rad8 16. a3 b5 17. Rd2 Rd4 18. Be3 Qd6 19. g3 b4 20. Bxd4 Qxd4 21.
axb4 cxb4 22. Nd1 a5 23. c3 bxc3 24. Nxc3 Bb6 25. Kg2 Re8 26. Qd1 a4 27. Qxa4
Nxf3 28. Rxf3 Qg1+ 29. Kh3 Qc5 30. Qd1 Qh5+ 31. Kg2 Qh6 32. Ne2 Ng4 33. h4 Ne3+
34. Rxe3 Qxe3 35. Nf4 Qd4 36. Nd5 Ba7 37. Qf1 Rb8 38. b4 Kf8 39. Rc2 f6 40. Nf4
Re8 41. Rc6 Qxb4 42. Qc1 Bb6 43. Nd5 Qb5 44. Rxb6 Qxd3 45. Qc5+ Kg8 46. Ne7+
Kh8 47. Re6 Qe2+ 48. Kh3 Qf1+ 49. Kh2 Qe2+ 50. Kg1 Qe1+ 51. Kg2 Qe2+ 52. Qf2
Qh5 53. Qf3 Qf7 54. Qf5 Rxe7 55. Rxe7 Qf8 56. Qe6 1-0

[Event "5. Bayer Open"]
[Site "Leverkusen"]
[Date "2008.02.25"]
[Round "4"]
[White "Seelig, Jochen"]
[Black "Reiter, Ute"]
[Result "0-1"]
[WhiteElo "1379"]
[BlackElo "1119"]
[PlyCount "72"]
[EventDate "2008.01.14"]
[EventType "swiss"]
[EventRounds "7"]
[EventCountry "GER"]
[Source "Birnkott,Manfre"]
[SourceDate "2008.04.23"]

1. c4 c5 2. e4 e5 3. Nc3 Nf6 4. h3 Be7 5. d3 d6 6. Be3 Nc6 7. Qf3 a6 8. a3 Bd7
9. Rb1 O-O 10. g4 h6 11. Bg2 Qa5 12. Nge2 Nd4 13. Qg3 Nc2+ 14. Kd2 Nxe3 15.
Kxe3 b5 16. f4 bxc4 17. dxc4 Be6 18. Nd5 Bxd5 19. exd5 Rab8 20. fxe5 Rb3+ 21.
Nc3 Rfb8 22. exf6 Bxf6 23. Qxd6 Bxc3 24. Kf2 Rxb2+ 25. Rxb2 Rxb2+ 26. Kg3 Qxa3
27. Qd8+ Kh7 28. Be4+ g6 29. Kh4 Be5 30. Rg1 Bh2 31. Bxg6+ Kg7 32. Qd7 Rf2 33.
Bf5 Bxg1 34. d6 Bh2 35. Qe7 Qg3+ 36. Kh5 Qxh3+ 0-1

[Event "5. Bayer Open"]
[Site "Leverkusen"]
[Date "2008.03.10"]
[Round "5"]
[White "Mladenov, Svetlin"]
[Black "Schockenbäumer, Dirk"]
[Result "1-0"]
[WhiteElo "2299"]
[BlackElo "2135"]
[PlyCount "81"]
[EventDate "2008.01.14"]
[EventType "swiss"]
[EventRounds "7"]
[EventCountry "GER"]
[Source "Birnkott,Manfre"]
[SourceDate "2008.04.23"]

1. e4 c5 2. Nf3 d6 3. d4 cxd4 4. Nxd4 Nf6 5. Nc3 a6 6. Be3 e5 7. Nb3 b5 8. f3
Bb7 9. Qd2 Be7 10. a4 b4 11. Nd5 Nxd5 12. exd5 a5 13. Be2 O-O 14. c3 Nd7 15.
O-O Nf6 16. c4 Qd7 17. f4 Ng4 18. fxe5 Nxe5 19. Nd4 f5 20. Ne6 Rf7 21. b3 g6
22. Rad1 Bc8 23. c5 dxc5 24. Nxc5 Qd6 25. Kh1 Nd7 26. Nxd7 Bxd7 27. Bf4 Qf6 28.
d6 Bd8 29. Bc4 Be6 30. Bg5 Qxg5 31. Bxe6 Qxd2 32. Rxd2 Kg7 33. Bxf7 Kxf7 34. g4
Ke6 35. gxf5+ gxf5 36. d7 Bh4 37. Rfd1 Rd8 38. Re2+ Kf7 39. Re5 f4 40. Rf5+ Bf6
41. Rd6 1-0

[Event "5. Bayer Open"]
[Site "Leverkusen"]
[Date "2008.03.10"]
[Round "5"]
[White "Khanukov, Boris"]
[Black "Balduan, Markus"]
[Result "1-0"]
[WhiteElo "2340"]
[BlackElo "2315"]
[PlyCount "73"]
[EventDate "2008.01.14"]
[EventType "swiss"]
[EventRounds "7"]
[EventCountry "GER"]
[Source "Birnkott,Manfre"]
[SourceDate "2008.04.23"]

1. d4 d5 2. Nf3 Nf6 3. Bf4 e6 4. e3 c5 5. c3 Nc6 6. Nbd2 Bd6 7. Bg3 O-O 8. Bd3
Qe7 9. Ne5 Bxe5 10. dxe5 Nd7 11. f4 f6 12. Nf3 c4 13. Bc2 f5 14. O-O Nc5 15.
Bh4 Qe8 16. h3 Qh5 17. Kh2 b6 18. Rg1 Ba6 19. g4 fxg4 20. Rxg4 Nd3 21. Bxd3
cxd3 22. Bf6 g6 23. Rg5 Qh6 24. Ne1 d4 25. exd4 Rxf6 26. exf6 Qh4 27. Nxd3 Bxd3
28. Qxd3 Qxf4+ 29. Rg3 Qxf6 30. Qf3 Qxf3 31. Rxf3 e5 32. Rf6 Rc8 33. d5 Ne7 34.
d6 Nf5 35. d7 Rd8 36. Rd1 e4 37. Re6 1-0

[Event "5. Bayer Open"]
[Site "Leverkusen"]
[Date "2008.03.10"]
[Round "5"]
[White "Reinemer, Frank"]
[Black "Rotstein, Jefim"]
[Result "1-0"]
[WhiteElo "2131"]
[BlackElo "2296"]
[PlyCount "103"]
[EventDate "2008.01.14"]
[EventType "swiss"]
[EventRounds "7"]
[EventCountry "GER"]
[Source "Birnkott,Manfre"]
[SourceDate "2008.04.23"]

1. d4 Nf6 2. c4 c5 3. d5 e5 4. Nc3 d6 5. e4 Be7 6. Be2 a6 7. Be3 Nbd7 8. g4 Nf8
9. h4 Ng8 10. Qd2 h6 11. h5 Bg5 12. Nh3 Bxe3 13. Qxe3 Bd7 14. O-O-O Qa5 15. f4
b5 16. fxe5 b4 17. Nb1 dxe5 18. g5 Ne7 19. Qg3 f6 20. gxf6 gxf6 21. Qg7 Rh7 22.
Qxf6 Bxh3 23. Rxh3 Nd7 24. Qe6 O-O-O 25. Nd2 Kb7 26. Rf1 Qxa2 27. Nb3 a5 28.
Rf7 Rxf7 29. Qxf7 a4 30. Qxe7 axb3 31. Qxd8 Qa1+ 32. Kd2 Qxb2+ 33. Ke1 Qc1+ 34.
Bd1 b2 35. Qxd7+ Kb8 36. Qd8+ Kb7 37. Qd7+ Kb8 38. Qb5+ Ka8 39. Qa6+ Kb8 40.
Qb6+ Ka8 41. Qc6+ Kb8 42. Qb5+ Ka8 43. Qa4+ Kb7 44. Rf3 Qc3+ 45. Rxc3 b1=Q 46.
Qb5+ Kc8 47. Qxc5+ Kb8 48. Qf8+ Kb7 49. Qg7+ Ka6 50. Qxh6+ Ka5 51. Qe3 Ka6 52.
Ra3+ 1-0

[Event "5. Bayer Open"]
[Site "Leverkusen"]
[Date "2008.03.10"]
[Round "5"]
[White "Michalczak, Thomas"]
[Black "Hirth, Ulrich"]
[Result "1-0"]
[WhiteElo "2294"]
[BlackElo "2208"]
[PlyCount "105"]
[EventDate "2008.01.14"]
[EventType "swiss"]
[EventRounds "7"]
[EventCountry "GER"]
[Source "Birnkott,Manfre"]
[SourceDate "2008.04.23"]

1. e4 Nf6 2. e5 Nd5 3. d4 d6 4. Nf3 Bg4 5. Be2 c6 6. c4 Nb6 7. Nbd2 dxe5 8.
Nxe5 Bxe2 9. Qxe2 N8d7 10. Ndf3 Nxe5 11. dxe5 e6 12. O-O Be7 13. Rd1 Qc7 14.
Bf4 O-O 15. Ng5 Bxg5 16. Bxg5 Nd7 17. Rd6 Rfe8 18. Rad1 Nf8 19. Qd2 Ng6 20. Bd8
Qc8 21. f4 c5 22. h4 h5 23. Bg5 Ne7 24. Qe2 Nf5 25. Qxh5 Nxd6 26. exd6 Qc6 27.
Be7 f5 28. d7 Red8 29. Rd6 Qe4 30. Bxd8 Rxd8 31. Qg5 Kh7 32. Kh1 Qxc4 33. h5
Qb5 34. Kh2 Qa4 35. Kg3 Qe4 36. h6 g6 37. Rd1 Qe3+ 38. Kh2 Qe2 39. Rd6 Qh5+ 40.
Kg3 Qxg5+ 41. fxg5 e5 42. a4 b6 43. Kf3 a6 44. g4 b5 45. axb5 axb5 46. gxf5
gxf5 47. Kg3 c4 48. Kh4 b4 49. Kh5 c3 50. bxc3 bxc3 51. Re6 Rg8 52. g6+ Kh8 53.
Re8 1-0

[Event "5. Bayer Open"]
[Site "Leverkusen"]
[Date "2008.03.10"]
[Round "5"]
[White "Werbeck, Torsten"]
[Black "Cordts, Ingo"]
[Result "1/2-1/2"]
[WhiteElo "2083"]
[BlackElo "2248"]
[PlyCount "72"]
[EventDate "2008.01.14"]
[EventType "swiss"]
[EventRounds "7"]
[EventCountry "GER"]
[Source "Birnkott,Manfre"]
[SourceDate "2008.04.23"]

1. d4 d5 2. Nf3 Nf6 3. c4 c6 4. Nc3 dxc4 5. e4 b5 6. e5 Nd5 7. a4 e6 8. axb5
Nxc3 9. bxc3 cxb5 10. Ng5 Bb7 11. Qh5 g6 12. Qg4 Be7 13. h4 h5 14. Qf4 Bxg5 15.
hxg5 Nc6 16. Rh4 Ne7 17. Qf3 Kd7 18. Qxf7 Rf8 19. Qg7 Qe8 20. Rf4 Rxf4 21. Bxf4
Kc6 22. Be2 Kb6 23. g3 Nf5 24. Qf6 Qg8 25. d5 Bxd5 26. Be3+ Kb7 27. Bc5 Kc6 28.
Bb4 a6 29. g4 hxg4 30. Bxg4 Qh7 31. O-O-O Qd7 32. Bf3 Kb7 33. Bxd5+ exd5 34. e6
Qc6 35. Qxg6 a5 36. Qxf5 axb4 1/2-1/2

[Event "5. Bayer Open"]
[Site "Leverkusen"]
[Date "2008.03.10"]
[Round "5"]
[White "Auer, Martin"]
[Black "Vasiljev, Jurij"]
[Result "1/2-1/2"]
[WhiteElo "2228"]
[BlackElo "2062"]
[PlyCount "120"]
[EventDate "2008.01.14"]
[EventType "swiss"]
[EventRounds "7"]
[EventCountry "GER"]
[Source "Birnkott,Manfre"]
[SourceDate "2008.04.23"]

1. e4 c5 2. Nf3 e6 3. d4 cxd4 4. Nxd4 a6 5. Nc3 Qc7 6. g3 Nf6 7. Bg2 Bb4 8. Bd2
Nc6 9. Nb3 O-O 10. O-O b6 11. f4 d6 12. e5 dxe5 13. fxe5 Nd7 14. Nb5 Bc5+ 15.
Nxc5 axb5 16. Nd3 Bb7 17. Bc3 b4 18. Nxb4 Ncxe5 19. Bxb7 Qxb7 20. Qe2 Qc7 21.
Rfe1 Qc5+ 22. Kg2 Nc6 23. Nd3 Qg5 24. Qe4 Rac8 25. Re2 Rfe8 26. a4 e5 27. h4
Qh5 28. g4 Qh6 29. g5 Qe6 30. Rf1 Nc5 31. Nxc5 bxc5 32. Rf5 f6 33. gxf6 gxf6
34. Ref2 Rf8 35. h5 Kh8 36. Kf1 Nd4 37. Bxd4 cxd4 38. b3 Rc3 39. h6 Qa6+ 40.
Qe2 d3 41. cxd3 Rxd3 42. R5f3 Rd1+ 43. Kg2 Rg8+ 44. Rg3 Rxg3+ 45. Kxg3 Qxe2 46.
Rxe2 Rd3+ 47. Kg4 Kg8 48. Rc2 Kf7 49. Rc7+ Kg6 50. Rb7 f5+ 51. Kh4 Rd4+ 52. Kg3
Kg5 53. Rxh7 Rd3+ 54. Kf2 Rxb3 55. Re7 Kf4 56. h7 Rb2+ 57. Kg1 Rb8 58. Rg7 e4
59. Rg8 Rb1+ 60. Kh2 Rb2+ (60... Rb2+ 61. Kh3 Rb3+ 62. Kh4 Rb1 63. Kh5 $18)
1/2-1/2

[Event "5. Bayer Open"]
[Site "Leverkusen"]
[Date "2008.03.10"]
[Round "5"]
[White "Wulfken, Christof"]
[Black "Ivic, Roman"]
[Result "0-1"]
[WhiteElo "1946"]
[BlackElo "2060"]
[PlyCount "116"]
[EventDate "2008.01.14"]
[EventType "swiss"]
[EventRounds "7"]
[EventCountry "GER"]
[Source "Birnkott,Manfre"]
[SourceDate "2008.04.23"]

1. d4 e6 2. Nf3 f5 3. c4 Nf6 4. Nc3 Bb4 5. Bd2 O-O 6. g3 b6 7. Bg2 Bb7 8. O-O
Qe8 9. a3 Bxc3 10. Bxc3 Qh5 11. e3 d6 12. Nh4 Qxd1 13. Rfxd1 Ne4 14. Bxe4 fxe4
15. Ng2 Nd7 16. Nf4 Rae8 17. b4 g5 18. Ne2 Rf5 19. Be1 Ref8 20. Nc3 e5 21. d5
Nf6 22. Rac1 a6 23. Rd2 h5 24. h3 Rf3 25. Kg2 g4 26. h4 Ra8 27. Rcc2 Kf8 28.
Rb2 Ke7 29. Rd1 Bc8 30. Rc2 Bd7 31. Rb2 Be8 32. Rc2 Nd7 33. Rb2 Bg6 34. Ra2
Rff8 35. Rc1 Rfb8 36. Rac2 Nf6 37. Rd2 Nd7 38. Rcc2 b5 39. cxb5 axb5 40. Nb1
Ra7 41. Rd1 Nb6 42. Rdc1 Kd8 43. Rd1 Nc4 44. Ra2 Bf7 45. Bc3 Ke7 46. Bb2 c6 47.
Bc1 Bxd5 48. Nc3 Be6 49. Nxe4 Bd5 50. Rxd5 cxd5 51. Nc3 Ke6 52. Kf1 Rc7 53. e4
d4 54. Nd5 Ra7 55. Ke2 Rba8 56. Kf1 Rf8 57. Ke2 Rf3 58. Ke1 Rb3 0-1

[Event "5. Bayer Open"]
[Site "Leverkusen"]
[Date "2008.03.10"]
[Round "5"]
[White "Buchkremer, Felix"]
[Black "Weiler, Wolfgang"]
[Result "1/2-1/2"]
[WhiteElo "2036"]
[BlackElo "2170"]
[PlyCount "61"]
[EventDate "2008.01.14"]
[EventType "swiss"]
[EventRounds "7"]
[EventCountry "GER"]
[Source "Birnkott,Manfre"]
[SourceDate "2008.04.23"]

1. e4 c5 2. c3 g6 3. d4 cxd4 4. cxd4 d5 5. exd5 Nf6 6. Bb5+ Nbd7 7. Nc3 Bg7 8.
d6 exd6 9. Qe2+ Qe7 10. Bf4 Qxe2+ 11. Ngxe2 Ke7 12. O-O a6 13. Ba4 Nb6 14. Bb3
Be6 15. d5 Nfxd5 16. Nxd5+ Nxd5 17. Bxd5 Bxd5 18. Rad1 Bc4 19. Bxd6+ Kf6 20.
Rfe1 Rhe8 21. Ng3 Bh6 (21... Bxa2 $5 22. Ne4+ Kf5 23. Ng3+ Kg5 24. h4+ Kxh4 25.
Be7+ Rxe7 26. Rxe7 b5 27. Ne4 Bb3 28. Rd3 Be6 29. g3+ Kh5 $13) 22. f4 Kg7 23.
Ne4 f6 24. g4 {Auf Vorschlag von Weiß remis gegeben wegen} Rad8 25. g5 fxg5 26.
Be5+ (26. fxg5 $4 Bxg5 27. Nxg5 Rxd6 $19) 26... Kf8 27. Rxd8 Rxd8 28. b3 Bf7
29. fxg5 Bg7 30. Bxg7+ Kxg7 31. Kf2 $11 1/2-1/2

[Event "5. Bayer Open"]
[Site "Leverkusen"]
[Date "2008.03.10"]
[Round "5"]
[White "Ljuboschiz, Alexander"]
[Black "van Kempen, Heinz"]
[Result "1-0"]
[WhiteElo "2141"]
[BlackElo "1722"]
[PlyCount "51"]
[EventDate "2008.01.14"]
[EventType "swiss"]
[EventRounds "7"]
[EventCountry "GER"]
[Source "Birnkott,Manfre"]
[SourceDate "2008.04.23"]

1. e4 c5 2. Nf3 Nc6 3. Nc3 d6 4. d4 cxd4 5. Nxd4 Nf6 6. Be2 e6 7. Be3 Be7 8.
Qd2 O-O 9. O-O-O a6 10. f4 Bd7 11. g4 e5 12. Nf5 Bxf5 13. gxf5 b5 14. Bf3 Rc8
15. Rhg1 Nb4 16. Qg2 Ne8 17. fxe5 Rxc3 18. bxc3 Nxa2+ 19. Kb2 Qa5 20. Ra1 Qxc3+
21. Kxa2 Qxe3 22. f6 Bd8 23. fxg7 b4 24. gxf8=Q+ Kxf8 25. Qg8+ Ke7 26. Qg5+ 1-0

[Event "5. Bayer Open"]
[Site "Leverkusen"]
[Date "2008.03.10"]
[Round "5"]
[White "Krämer, Detlef"]
[Black "Lommen, Frank"]
[Result "1-0"]
[WhiteElo "1882"]
[BlackElo "2025"]
[PlyCount "45"]
[EventDate "2008.01.14"]
[EventType "swiss"]
[EventRounds "7"]
[EventCountry "GER"]
[Source "Birnkott,Manfre"]
[SourceDate "2008.04.23"]

1. c4 e5 2. g3 d6 3. Bg2 Nc6 4. e3 g6 5. Nc3 Bg7 6. Nge2 f5 7. d3 Nf6 8. Rb1 a5
9. a3 Be6 10. O-O O-O 11. b4 axb4 12. axb4 d5 13. cxd5 Nxd5 14. b5 Nce7 15. Qc2
Qd6 16. Rd1 Qc5 17. d4 exd4 18. exd4 Qc4 19. Bg5 Ra3 20. Bxe7 Nxc3 21. Bxf8 Ra2
22. Qxc3 Qxe2 23. Qe3 1-0

[Event "5. Bayer Open"]
[Site "Leverkusen"]
[Date "2008.03.10"]
[Round "5"]
[White "Bigott, Martin"]
[Black "Negele, Michael"]
[Result "0-1"]
[WhiteElo "1691"]
[BlackElo "2118"]
[PlyCount "68"]
[EventDate "2008.01.14"]
[EventType "swiss"]
[EventRounds "7"]
[EventCountry "GER"]
[Source "Birnkott,Manfre"]
[SourceDate "2008.04.23"]

1. d4 e6 2. Nf3 f5 3. c4 Nf6 4. Nc3 Bb4 5. Bd2 O-O 6. Qc2 b6 7. Ne5 d6 8. Nd3
Bxc3 9. Bxc3 Ne4 10. O-O-O b5 11. Be1 bxc4 12. Qxc4 d5 13. Qc2 Na6 14. f3 Nd6
15. Ne5 Bb7 16. Nc6 Qe8 17. Na5 c5 18. e3 c4 19. Nxb7 Nxb7 20. g4 fxg4 21. fxg4
Qb5 22. Bg2 Na5 23. Qc3 Nc6 24. a3 Rab8 25. Bg3 Rb7 26. e4 Nab4 $1 27. axb4
Nxb4 28. Qa3 Nd3+ 29. Rxd3 cxd3 30. exd5 $2 exd5 $2 31. Rd1 $2 Rc8+ 32. Kb1 Rc2
33. Rf1 Rxb2+ 34. Ka1 Rb1+ 0-1

[Event "5. Bayer Open"]
[Site "Leverkusen"]
[Date "2008.03.10"]
[Round "5"]
[White "Speck, Stefan"]
[Black "Birnkott, Manfred"]
[Result "1-0"]
[WhiteElo "1921"]
[BlackElo "1944"]
[PlyCount "37"]
[EventDate "2008.01.14"]
[EventType "swiss"]
[EventRounds "7"]
[EventCountry "GER"]
[Source "Birnkott,Manfre"]
[SourceDate "2008.04.23"]

1. d4 d5 2. Nf3 Nf6 3. Bg5 Nbd7 4. e3 e6 5. Bd3 Be7 6. Nbd2 O-O 7. c3 h6 8. Bf4
Re8 9. g4 g5 10. Bg3 Nxg4 11. h4 f5 12. hxg5 Bxg5 13. Nxg5 hxg5 14. Rh5 Kf7 15.
Nf3 Rg8 16. Nxg5+ Rxg5 17. Bh4 Rxh5 18. Bxd8 Rh1+ 19. Bf1 1-0

[Event "5. Bayer Open"]
[Site "Leverkusen"]
[Date "2008.03.10"]
[Round "5"]
[White "Kies, Werner"]
[Black "Blomeyer, Peter"]
[Result "1/2-1/2"]
[WhiteElo "1968"]
[BlackElo "1855"]
[PlyCount "92"]
[EventDate "2008.01.14"]
[EventType "swiss"]
[EventRounds "7"]
[EventCountry "GER"]
[Source "Birnkott,Manfre"]
[SourceDate "2008.04.23"]

1. e4 d6 2. d4 Nf6 3. Nc3 e5 4. d5 Be7 5. Nf3 O-O 6. Be2 c6 7. O-O Qc7 8. h3
Nbd7 9. Be3 Re8 10. Nd2 a6 11. a4 cxd5 12. exd5 Nb6 13. Bxb6 Qxb6 14. Nc4 Qc5
15. a5 Bd8 16. Qd3 Bd7 17. Ne3 Rc8 18. g4 e4 19. Qc4 h6 20. Qb3 Bxa5 21. Qxb7
Bxc3 22. bxc3 a5 23. Rfb1 Red8 24. Qb6 Qxc3 25. Qxa5 Qe5 26. c4 h5 27. Qd2 hxg4
28. Nxg4 Bxg4 29. hxg4 g6 30. Qh6 Nh7 31. Ra3 Qg5 32. Qh2 Kg7 33. Rh3 Nf6 34.
Kg2 Rh8 35. Rh1 Rxh3 36. Qxh3 Re8 37. Qg3 Rd8 38. Rh3 Rd7 39. Qc3 Re7 40. Qa3
Qf4 41. Rg3 Re8 42. Qa1 Qe5 43. Qa4 Qg5 44. Qc6 Qe5 45. Rb3 Ra8 46. Rg3 Qa1
1/2-1/2

[Event "5. Bayer Open"]
[Site "Leverkusen"]
[Date "2008.03.10"]
[Round "5"]
[White "Becker, Rainer"]
[Black "Wolfradt, Dirk"]
[Result "1/2-1/2"]
[WhiteElo "1979"]
[BlackElo "2063"]
[PlyCount "29"]
[EventDate "2008.01.14"]
[EventType "swiss"]
[EventRounds "7"]
[EventCountry "GER"]
[Source "Birnkott,Manfre"]
[SourceDate "2008.04.23"]

1. e4 Nc6 2. Nf3 e5 3. Bb5 a6 4. Bxc6 dxc6 5. O-O f6 6. d4 exd4 7. Re1 Bg4 8.
e5 Be7 9. Qd3 Bxf3 10. Qxf3 Qd5 11. Qxd5 cxd5 12. exf6 Nxf6 13. Bf4 Rc8 14. Nd2
Rf8 15. Be5 1/2-1/2

[Event "5. Bayer Open"]
[Site "Leverkusen"]
[Date "2008.03.10"]
[Round "5"]
[White "Friedsam, Manfred"]
[Black "Böhm, Stefan"]
[Result "1/2-1/2"]
[WhiteElo "1804"]
[BlackElo "2010"]
[PlyCount "39"]
[EventDate "2008.01.14"]
[EventType "swiss"]
[EventRounds "7"]
[EventCountry "GER"]
[Source "Birnkott,Manfre"]
[SourceDate "2008.04.23"]

1. e4 c5 2. Nc3 Nc6 3. g3 g6 4. Bg2 Bg7 5. d3 e6 6. f4 Nge7 7. Nf3 d6 8. O-O
O-O 9. Qe2 Rb8 10. Be3 Nd4 11. Qf2 Nxf3+ 12. Qxf3 b6 13. Rad1 Nc6 14. Ne2 Ne7
15. d4 Qc7 16. c3 Bb7 17. Qf2 f5 18. e5 cxd4 19. cxd4 Bxg2 20. Kxg2 1/2-1/2

[Event "5. Bayer Open"]
[Site "Leverkusen"]
[Date "2008.03.10"]
[Round "5"]
[White "Scharff, Klaus"]
[Black "Simon, Martin"]
[Result "1-0"]
[WhiteElo "1928"]
[BlackElo "1941"]
[PlyCount "119"]
[EventDate "2008.01.14"]
[EventType "swiss"]
[EventRounds "7"]
[EventCountry "GER"]
[Source "Birnkott,Manfre"]
[SourceDate "2008.04.23"]

1. d4 d5 2. c4 c6 3. Nc3 Nf6 4. Nf3 e6 5. Bg5 Be7 6. e3 Nbd7 7. Bd3 dxc4 8.
Bxc4 b5 9. Bb3 Bb7 10. O-O a6 11. Qe2 b4 12. Na4 Ne4 13. Bxe7 Qxe7 14. Nd2 Nxd2
15. Qxd2 O-O 16. f4 Rfd8 17. Rac1 a5 18. Qf2 Rac8 19. Nc5 Nxc5 20. Rxc5 Ba6 21.
Rfc1 Bb5 22. Qg3 Kh8 23. Qh3 g6 24. Qh6 Rg8 25. Bc2 Rcd8 26. Be4 Rd5 27. Bxd5
exd5 28. Re1 Qf6 29. Qg5 Qxg5 30. fxg5 Re8 31. Kf2 Kg7 32. h4 Re4 33. g3 f5 34.
Rec1 Re7 35. b3 Rb7 36. Ra1 Ra7 37. a4 bxa3 38. Rxa3 Ra8 39. Ra1 h6 40. gxh6+
Kxh6 41. Rc2 g5 42. Rca2 gxh4 43. gxh4 Kh5 44. Rxa5 Rxa5 45. Rxa5 Kxh4 46. Ra8
Kg5 47. Rg8+ Kf6 48. Kf3 Ke6 49. Kf4 Bd3 50. Rg6+ Kd7 51. Ke5 Kc7 52. Rg7+ Kb6
53. Kd6 Be2 54. Rg8 Kb7 55. Kc5 Bd1 56. Rg7+ Kb8 57. Kb6 Kc8 58. Kxc6 Kd8 59.
b4 Bh5 60. Kxd5 1-0

[Event "5. Bayer Open"]
[Site "Leverkusen"]
[Date "2008.03.10"]
[Round "5"]
[White "Romaker, Johann"]
[Black "Gutt, Oswald"]
[Result "1-0"]
[WhiteElo "1849"]
[BlackElo "1874"]
[PlyCount "111"]
[EventDate "2008.01.14"]
[EventType "swiss"]
[EventRounds "7"]
[EventCountry "GER"]
[Source "Birnkott,Manfre"]
[SourceDate "2008.04.23"]

1. d4 Nf6 2. c4 g6 3. Nc3 Bg7 4. e4 d6 5. Be3 O-O 6. f3 Nbd7 7. Nh3 c5 8. d5
Ne5 9. Nf2 Qa5 10. Rc1 a6 11. Bd2 Qc7 12. a4 e6 13. f4 Ned7 14. dxe6 fxe6 15.
Be2 Nb8 16. O-O Nc6 17. Be3 b6 18. Bf3 Bb7 19. Ne2 Rad8 20. b3 Ne7 21. Ng3 d5
22. cxd5 exd5 23. e5 Ne8 24. Qc2 d4 25. Bd2 Bxf3 26. gxf3 Nd5 27. Nd3 Qf7 28.
Ne4 Nec7 29. Rce1 Kh8 30. h4 Qf5 31. Bc1 Ne6 32. Ng3 Qh3 33. Ne2 Qxh4 34. Kg2
Qe7 35. Rh1 Qf7 36. Rh3 Qf5 37. Reh1 h6 38. Qc4 Ne3+ 39. Bxe3 dxe3 40. Ne1 Rd2
41. Kg3 Rxe2 42. Qxe2 Qxf4+ 43. Kg2 Qxe5 44. Nd3 Nf4+ 45. Nxf4 Rxf4 46. Re1 Rb4
47. Qxe3 Qb2+ 48. Re2 Qf6 49. Rxh6+ Kg8 50. Qe8+ Qf8 51. Qe6+ Qf7 52. Rxg6 Qxe6
53. Rexe6 Kf7 54. Rxb6 Rd4 55. Rgc6 Rd2+ 56. Kh3 1-0

[Event "5. Bayer Open"]
[Site "Leverkusen"]
[Date "2008.03.10"]
[Round "5"]
[White "Schimpf, Rolf"]
[Black "Schmitz, Andreas"]
[Result "1/2-1/2"]
[WhiteElo "1811"]
[BlackElo "1845"]
[PlyCount "51"]
[EventDate "2008.01.14"]
[EventType "swiss"]
[EventRounds "7"]
[EventCountry "GER"]
[Source "Birnkott,Manfre"]
[SourceDate "2008.04.23"]

1. d4 e6 2. Nf3 d5 3. e3 Nf6 4. Bd3 c5 5. c3 Be7 6. Nbd2 Nc6 7. O-O Qc7 8. dxc5
Bxc5 9. e4 dxe4 10. Nxe4 Be7 11. Qe2 Bd7 12. Nxf6+ Bxf6 13. Bg5 Bxg5 14. Nxg5
h6 15. Nf3 O-O 16. Rad1 Rad8 17. Rfe1 a6 18. Qe4 g6 19. h4 Ne7 20. h5 Bc6 21.
Qe3 Bxf3 22. Qxf3 Qc5 23. hxg6 fxg6 24. Qe2 Kh7 25. Rd2 Rd6 26. Bc2 1/2-1/2

[Event "5. Bayer Open"]
[Site "Leverkusen"]
[Date "2008.03.10"]
[Round "5"]
[White "Liebsch, Ulrich"]
[Black "Hobusch, Alexander"]
[Result "0-1"]
[WhiteElo "1732"]
[BlackElo "2041"]
[PlyCount "138"]
[EventDate "2008.01.14"]
[EventType "swiss"]
[EventRounds "7"]
[EventCountry "GER"]
[Source "Birnkott,Manfre"]
[SourceDate "2008.04.23"]

1. c4 e5 2. Nc3 Nc6 3. d3 Bb4 4. a3 Bxc3+ 5. bxc3 f5 6. g3 Nf6 7. Bg2 O-O 8.
Bg5 Qe8 9. Bxf6 Rxf6 10. e3 d6 11. Ne2 Rh6 12. Rb1 Nd8 13. h4 c6 14. d4 Be6 15.
d5 cxd5 16. cxd5 Bd7 17. c4 Rc8 18. Qd3 b6 19. O-O Nb7 20. Rfc1 Qh5 21. Kf1 f4
22. exf4 Bf5 23. Qb3 Nc5 24. Qc3 Bxb1 25. Rxb1 Qf5 26. Rd1 Rf8 27. Qe3 Rhf6 28.
Kg1 h6 29. fxe5 Qxe5 30. Qxe5 dxe5 31. f4 exf4 32. Nxf4 Nb7 33. Re1 Nd6 34. Re7
R8f7 35. Rxf7 Kxf7 36. Bf1 g5 37. hxg5 hxg5 38. Ne6 Rxe6 39. dxe6+ Kxe6 40. Kf2
Ke5 41. Ke3 Nf5+ 42. Kf3 Kd4 43. Bh3 Ne3 44. Be6 Nxc4 45. Bxc4 Kxc4 46. Kg4 b5
47. Kxg5 a5 48. Kh6 b4 49. axb4 axb4 50. g4 b3 51. g5 b2 52. g6 b1=Q 53. g7
Qh1+ 54. Kg6 Qg2+ 55. Kf7 Qf3+ 56. Ke7 Qg4 57. Kf7 Qf5+ 58. Ke7 Qg6 59. Kf8
Qf6+ 60. Kg8 Kd5 61. Kh7 Qh4+ 62. Kg6 Qg4+ 63. Kf7 Qe6+ 64. Kf8 Qf6+ 65. Kg8
Ke6 66. Kh7 Qh4+ 67. Kg6 Qg4+ 68. Kh7 Qh5+ 69. Kg8 Kf6 0-1

[Event "5. Bayer Open"]
[Site "Leverkusen"]
[Date "2008.03.10"]
[Round "5"]
[White "Herrmann, Christoph"]
[Black "Brinkmann, Sven"]
[Result "1/2-1/2"]
[WhiteElo "1842"]
[BlackElo "1814"]
[PlyCount "80"]
[EventDate "2008.01.14"]
[EventType "swiss"]
[EventRounds "7"]
[EventCountry "GER"]
[Source "Birnkott,Manfre"]
[SourceDate "2008.04.23"]

1. Nf3 d5 2. c4 e6 3. e3 Nf6 4. d4 c6 5. Nc3 Nbd7 6. Bd3 dxc4 7. Bxc4 b5 8. Bd3
a6 9. O-O Bb7 10. Bd2 c5 11. Rc1 Bd6 12. a4 cxd4 13. Nxd4 b4 14. Na2 Qb6 15. b3
O-O 16. Qe1 Nc5 17. Bc4 a5 18. Nb5 Qc6 19. f3 Be5 20. e4 Qd7 21. Qe2 Rac8 22.
Rfd1 Qe7 23. Be3 Rfd8 24. Rxd8+ Rxd8 25. Rd1 Rxd1+ 26. Qxd1 Qd7 27. Qxd7 Nfxd7
28. Nc1 Kf8 29. Ne2 Ke7 30. Ned4 Bb8 31. g3 g6 32. Kf2 Na6 33. Nc2 Nc7 34. Nxc7
Bxc7 35. Ba7 Nb6 36. Bb5 Nd7 37. Ne3 Bb6 38. Bxb6 Nxb6 39. Nc4 Nxc4 40. Bxc4
Kd6 1/2-1/2